| 000 | 00355nam a22001217a 4500 | ||
|---|---|---|---|
| 040 | _cNUST | ||
| 082 | _a070.442,TAR | ||
| 100 |
_aTarar, Mustansar Hussain _93135 |
||
| 245 |
_aGuzara Nahi Hota / گزارہ نہیں ہوتا (Urdu) / _cMustansar Hussain Tarar |
||
| 260 |
_aLahore _bSang e Meel _c2012 |
||
| 300 | _a308 p.; | ||
| 942 |
_2ddc _cBK _k070.442,TAR |
||
| 999 |
_c593219 _d593219 |
||